Ville de Tours - Statistiques

Statistiques générales
  • Ce quiz a été pris 539 fois
  • Le résultat moyen est 4 sur 8
Statistiques - réponses
Hint Réponse % Correct
Quel est le nom de la place entourées d'immeubles à colombage ? Plumereau
82%
Quel écrivain célèbre est né à Tours ? Balzac
66%
Dans quel campus de l'université peut-on retrouver les études de langues ? Tanneurs
65%
Quel est le nom de l'université de Tours ? François Rabelais
62%
Combien y a-t-il d'arrêts sur la ligne A du tramway ? 29
58%
Que retrouve-t-on au centre de la place Jean Jaurès ? Fontaines
53%
Comment se nomme le maire de Tours ? Emmanuel Denis
38%
Qui a construit la gare ? Victor Laloux
13%
Aucun quiz correspondant
Distribution des résultats
% des personnes avec chaque résultat
Percentile par nombre de réponses
Votre historique - résultats
Vous n’avez pas pris ce quiz